| 000 | 00517nam a2200193Ia 4500 | ||
|---|---|---|---|
| 001 | 44442 | ||
| 008 | 140428s9999 xx 000 0 und d | ||
| 020 | _aNA | ||
| 040 | _cPK-LaUMT | ||
| 082 |
_aRHC 306 _bQUT-I |
||
| 100 | _aQutab Shaeed | ||
| 245 |
_aIslam aur maghrib kay tahzeebi masaail (Urdu) _cQutab Shaeed<>Sajid ur Rahman Siddiqi |
||
| 260 |
_aKarachi,Pakistan: _bIdara Muarf-e-Islami, _c1973 |
||
| 300 | _a208 p. | ||
| 546 | _aUR | ||
| 650 | _aIslam | ||
| 700 | _aSajid ur Rahman Siddiqi | ||
| 942 | _cBK | ||
| 999 |
_c42435 _d42435 |
||